00741nam a2200181 a 450000500170000000800410001702000180005805000220007610000210009824501170011926000530023630000220028952000800031165000150039165000230040699900190042995201110044820140412111259.0010423s19uu xx 00 eng d a0-7214-7384-9 aM 823.8bD52 1998 aDickens, Charles aOliver Twist /cby Charles Dickesn; retold by Brenda Ralph Lewis and Ronne Randall ; illustrated by John Holder. aLeicestershire, UK :bLadybird Books Ltd,c1998. a1v. (unp.) ; ill. aBorn in the workhouse, orphan Oliver Twist grows up with hunger and misery. aFolk Tales aChildren's stories c103319d103319 001040aELbELcMd2001-04-23eLib. Fundl0oM 823.8 D52 1998pE4435r2014-04-12 00:00:00w2014-04-12yBK